[Event "Masters Tournament (MTO)"]
[Site "Biel, CH"]
[Date "2025.07.19"]
[Round "6"]
[White "Faraone, Ettore"]
[Black "von Burg, Carl Alexander"]
[Result "1/2-1/2"]
[Board "48"]
[WhiteFideId "1311484"]
[BlackFideId "1352458"]
[WhiteElo "1979"]
[BlackElo "1878"]
[WhiteTeam "SUI"]
[BlackTeam "SUI"]
[WhiteClock "0:28:26"]
[BlackClock "0:27:22"]
[Variant "Standard"]

1. e4 {[%clk 1:40:53]}  c6 {[%clk 1:40:10]} 2. d4 {[%clk 1:40:31]}  d5 {[%clk 1:40:35]} 3. Nc3 {[%clk 1:39:39]}  dxe4 {[%clk 1:40:56]} 4. f3 {[%clk 1:39:46]}  e5 {[%clk 1:28:46]} 5. Be3 {[%clk 1:33:47]}  exd4 {[%clk 1:20:36]} 6. Bxd4 {[%clk 1:32:29]}  Nf6 {[%clk 1:15:57]} 7. fxe4 {[%clk 1:28:07]}  Bb4 {[%clk 1:13:34]} 8. Qd3 {[%clk 1:27:21]}  c5 {[%clk 1:04:16]} 9. Bxf6 {[%clk 1:23:35]}  Qxf6 {[%clk 0:59:43]} 10. O-O-O {[%clk 1:19:06]}  Bxc3 {[%clk 0:52:58]} 11. bxc3 {[%clk 1:16:30]}  O-O {[%clk 0:52:34]} 12. Nf3 {[%clk 1:16:48]}  Nc6 {[%clk 0:52:23]} 13. Qe3 {[%clk 1:15:26]}  Ne5 {[%clk 0:44:07]} 14. Nxe5 {[%clk 1:12:49]}  Qxe5 {[%clk 0:44:30]} 15. Rd5 {[%clk 1:13:10]}  Qe7 {[%clk 0:42:47]} 16. Rxc5 {[%clk 1:07:45]}  b6 {[%clk 0:42:03]} 17. Rg5 {[%clk 1:05:57]}  Qa3+ {[%clk 0:39:12]} 18. Kd2 {[%clk 1:03:55]}  Rd8+ {[%clk 0:36:59]} 19. Bd3 {[%clk 1:02:10]}  Be6 {[%clk 0:35:05]} 20. Rd1 {[%clk 1:00:31]}  Bxa2 {[%clk 0:32:06]} 21. h4 {[%clk 0:56:44]}  Rac8 {[%clk 0:32:01]} 22. h5 {[%clk 0:56:46]}  Qxc3+ {[%clk 0:32:14]} 23. Ke2 {[%clk 0:57:07]}  h6 {[%clk 0:28:09]} 24. Rg3 {[%clk 0:55:26]}  Bc4 {[%clk 0:28:33]} 25. Rd2 {[%clk 0:50:10]}  Rc6 {[%clk 0:26:30]} 26. Kf2 {[%clk 0:39:27]}  Qd4 {[%clk 0:22:40]} 27. Qxd4 {[%clk 0:35:14]}  Rxd4 {[%clk 0:23:04]} 28. Ke3 {[%clk 0:35:33]}  Rcd6 {[%clk 0:21:54]} 29. Rf3 {[%clk 0:30:37]}  Be6 {[%clk 0:20:07]} 30. e5 {[%clk 0:27:25]}  Rd7 {[%clk 0:19:33]} 31. Bh7+ {[%clk 0:24:08]}  Kxh7 {[%clk 0:18:45]} 32. Rxd4 {[%clk 0:24:32]}  Rc7 {[%clk 0:17:36]} 33. Kd3 {[%clk 0:19:04]}  b5 {[%clk 0:17:18]} 34. c3 {[%clk 0:17:26]}  a5 {[%clk 0:17:30]} 35. Kc2 {[%clk 0:17:19]}  Rc5 {[%clk 0:13:42]} 36. Re3 {[%clk 0:17:40]}  g6 {[%clk 0:12:46]} 37. g4 {[%clk 0:17:11]}  Kg7 {[%clk 0:12:11]} 38. Kb2 {[%clk 0:17:22]}  Rc8 {[%clk 0:10:50]} 39. Rf3 {[%clk 0:15:02]}  Rc5 {[%clk 0:10:20]} 40. Re3 {[%clk 0:15:24]}  Bd5 {[%clk 0:04:11]} 41. Re1 {[%clk 0:13:12]}  Be6 {[%clk 0:03:26]} 42. Re2 {[%clk 0:07:04]}  Bd5 {[%clk 0:01:03]} 43. Re3 {[%clk 0:07:19]}  Be6 {[%clk 0:01:09]} 44. Rf4 {[%clk 0:07:01]}  Bc4 {[%clk 0:27:22]} 45. Rd4 {[%clk 0:28:26]} 1/2-1/2

[Event "Masters Tournament (MTO)"]
[Site "Biel, CH"]
[Date "2025.07.19"]
[Round "6"]
[White "Heyl, Thomas"]
[Black "Oestmann, Lukas"]
[Result "1/2-1/2"]
[Board "49"]
[WhiteFideId "4623371"]
[BlackFideId "1326457"]
[WhiteElo "1938"]
[BlackElo "2007"]
[WhiteTeam "GER"]
[BlackTeam "SUI"]
[WhiteClock "0:00:42"]
[BlackClock "0:05:23"]
[Variant "Standard"]

1. c4 {[%clk 1:40:54]}  e5 {[%clk 1:40:57]} 2. Nc3 {[%clk 1:41:16]}  Nf6 {[%clk 1:41:25]} 3. Nf3 {[%clk 1:41:32]}  Nc6 {[%clk 1:41:52]} 4. e3 {[%clk 1:41:52]}  Bb4 {[%clk 1:42:18]} 5. Qc2 {[%clk 1:42:14]}  Bxc3 {[%clk 1:42:45]} 6. bxc3 {[%clk 1:42:39]}  O-O {[%clk 1:42:49]} 7. e4 {[%clk 1:42:56]}  d6 {[%clk 1:43:16]} 8. Be2 {[%clk 1:42:28]}  h6 {[%clk 1:43:22]} 9. O-O {[%clk 1:41:46]}  b6 {[%clk 1:43:42]} 10. d3 {[%clk 1:41:08]}  Ne7 {[%clk 1:43:19]} 11. Ne1 {[%clk 1:35:43]}  Ng6 {[%clk 1:41:25]} 12. f4 {[%clk 1:26:31]}  Nxf4 {[%clk 1:39:12]} 13. Bxf4 {[%clk 1:26:55]}  exf4 {[%clk 1:39:40]} 14. Rxf4 {[%clk 1:27:10]}  Nd7 {[%clk 1:31:49]} 15. Bg4 {[%clk 1:23:19]}  Qg5 {[%clk 1:27:28]} 16. g3 {[%clk 1:13:55]}  Ne5 {[%clk 1:19:00]} 17. Bxc8 {[%clk 1:14:33]}  Raxc8 {[%clk 1:19:13]} 18. Nf3 {[%clk 1:10:17]}  Nxf3+ {[%clk 1:12:59]} 19. Rxf3 {[%clk 1:10:42]}  f5 {[%clk 1:12:41]} 20. exf5 {[%clk 1:02:59]}  Rxf5 {[%clk 1:12:47]} 21. Rxf5 {[%clk 0:54:16]}  Qxf5 {[%clk 1:13:10]} 22. Rf1 {[%clk 0:53:51]}  Qc5+ {[%clk 1:13:20]} 23. d4 {[%clk 0:54:01]}  Qxc4 {[%clk 1:08:44]} 24. Qf5 {[%clk 0:53:53]}  Re8 {[%clk 1:03:08]} 25. Qd7 {[%clk 0:50:28]}  Rf8 {[%clk 0:58:55]} 26. Rxf8+ {[%clk 0:50:05]}  Kxf8 {[%clk 0:59:21]} 27. Qd8+ {[%clk 0:49:48]}  Kf7 {[%clk 0:59:36]} 28. Qd7+ {[%clk 0:50:12]}  Kg8 {[%clk 0:58:59]} 29. Qe8+ {[%clk 0:40:20]}  Kh7 {[%clk 0:59:18]} 30. Qe4+ {[%clk 0:40:36]}  g6 {[%clk 0:58:07]} 31. Qe7+ {[%clk 0:32:51]}  Kg8 {[%clk 0:57:19]} 32. a4 {[%clk 0:32:50]}  a5 {[%clk 0:54:02]} 33. Qd7 {[%clk 0:28:08]}  h5 {[%clk 0:50:27]} 34. h4 {[%clk 0:26:13]}  Qf7 {[%clk 0:48:37]} 35. Qd8+ {[%clk 0:22:34]}  Kg7 {[%clk 0:48:27]} 36. Kg2 {[%clk 0:21:13]}  Qd5+ {[%clk 0:43:51]} 37. Kh2 {[%clk 0:18:53]}  Qa2+ {[%clk 0:43:55]} 38. Kh3 {[%clk 0:18:26]}  Qe6+ {[%clk 0:42:20]} 39. Kh2 {[%clk 0:18:03]}  Qc4 {[%clk 0:31:09]} 40. Qe7+ {[%clk 0:17:19]}  Qf7 {[%clk 0:31:21]} 41. Qd8 {[%clk 0:17:03]}  b5 {[%clk 0:24:50]} 42. axb5 {[%clk 0:16:59]}  a4 {[%clk 0:25:05]} 43. b6 {[%clk 0:16:45]}  cxb6 {[%clk 0:15:34]} 44. Qxd6 {[%clk 0:15:08]}  Qa7 {[%clk 0:12:02]} 45. Qe5+ {[%clk 0:08:00]}  Kh7 {[%clk 0:12:12]} 46. g4 {[%clk 0:02:37]}  hxg4 {[%clk 0:21:10]} 47. h5 {[%clk 0:31:45]}  Qf7 {[%clk 0:18:33]} 48. hxg6+ {[%clk 0:28:26]}  Kxg6 {[%clk 0:16:44]} 49. Kg1 {[%clk 0:18:22]}  Qb3 {[%clk 0:12:43]} 50. Qd6+ {[%clk 0:15:10]}  Kg5 {[%clk 0:12:13]} 51. Qe5+ {[%clk 0:15:27]}  Kg6 {[%clk 0:11:37]} 52. Qd6+ {[%clk 0:15:51]}  Kf7 {[%clk 0:11:51]} 53. Qd7+ {[%clk 0:16:05]}  Kf6 {[%clk 0:11:50]} 54. Qd6+ {[%clk 0:07:41]}  Qe6 {[%clk 0:11:37]} 55. Qf8+ {[%clk 0:07:22]}  Kg5 {[%clk 0:11:22]} 56. Qg7+ {[%clk 0:06:29]}  Kh4 {[%clk 0:09:09]} 57. Qh7+ {[%clk 0:06:28]}  Kg5 {[%clk 0:09:10]} 58. Qg7+ {[%clk 0:06:53]}  Kf4 {[%clk 0:07:56]} 59. Qf8+ {[%clk 0:07:15]}  Ke3 {[%clk 0:05:42]} 60. Qf1 {[%clk 0:07:14]}  Qa2 {[%clk 0:05:21]} 61. Qe1+ {[%clk 0:04:23]}  Qe2 {[%clk 0:05:40]} 62. Qg3+ {[%clk 0:04:23]}  Qf3 {[%clk 0:05:09]} 63. Qe5+ {[%clk 0:03:58]}  Kd2 {[%clk 0:04:20]} 64. d5 {[%clk 0:02:48]}  Qd1+ {[%clk 0:03:24]} 65. Kf2 {[%clk 0:02:07]}  Qf3 {[%clk 0:03:46]} 66. Kg1 {[%clk 0:02:33]}  Qe3+ {[%clk 0:03:56]} 67. Qxe3+ {[%clk 0:02:58]}  Kxe3 {[%clk 0:04:24]} 68. d6 {[%clk 0:03:19]}  a3 {[%clk 0:04:48]} 69. d7 {[%clk 0:03:41]}  a2 {[%clk 0:05:15]} 70. d8=Q {[%clk 0:04:03]}  a1=Q+ {[%clk 0:05:39]} 71. Kg2 {[%clk 0:03:35]}  Qb2+ {[%clk 0:05:55]} 72. Kg3 {[%clk 0:02:52]}  Qxc3 {[%clk 0:05:23]} 73. Qxb6+ {[%clk 0:00:42]} 1/2-1/2

[Event "Masters Tournament (MTO)"]
[Site "Biel, CH"]
[Date "2025.07.19"]
[Round "6"]
[White "Papaux, Jeremie"]
[Black "Hank, Holger"]
[Result "1-0"]
[Board "50"]
[WhiteFideId "1340867"]
[BlackFideId "4648242"]
[WhiteElo "2020"]
[BlackElo "1947"]
[WhiteTeam "SUI"]
[BlackTeam "GER"]
[WhiteClock "0:55:21"]
[BlackClock "0:02:15"]
[Variant "Standard"]

1. d4 {[%clk 1:40:55]}  g6 {[%clk 1:40:08]} 2. e4 {[%clk 1:41:08]}  Bg7 {[%clk 1:40:22]} 3. Nc3 {[%clk 1:40:34]}  d6 {[%clk 1:38:57]} 4. Nf3 {[%clk 1:40:52]}  Nf6 {[%clk 1:39:19]} 5. Bd3 {[%clk 1:41:12]}  O-O {[%clk 1:37:07]} 6. O-O {[%clk 1:41:36]}  Nc6 {[%clk 1:36:48]} 7. d5 {[%clk 1:36:24]}  Nb8 {[%clk 1:36:15]} 8. Be3 {[%clk 1:35:50]}  c6 {[%clk 1:35:09]} 9. dxc6 {[%clk 1:27:32]}  Nxc6 {[%clk 1:34:57]} 10. Qd2 {[%clk 1:26:41]}  Be6 {[%clk 1:07:15]} 11. Ne2 {[%clk 1:12:43]}  d5 {[%clk 1:00:07]} 12. exd5 {[%clk 1:12:12]}  Bxd5 {[%clk 0:59:12]} 13. Nfd4 {[%clk 1:10:45]}  e5 {[%clk 0:51:55]} 14. Nxc6 {[%clk 1:09:06]}  Bxc6 {[%clk 0:52:10]} 15. f3 {[%clk 1:05:26]}  e4 {[%clk 0:46:32]} 16. fxe4 {[%clk 1:05:36]}  Nxe4 {[%clk 0:33:25]} 17. Bxe4 {[%clk 1:05:20]}  Qxd2 {[%clk 0:28:46]} 18. Bxd2 {[%clk 1:05:36]}  Bxe4 {[%clk 0:29:11]} 19. c3 {[%clk 1:05:31]}  Rad8 {[%clk 0:24:49]} 20. Be3 {[%clk 1:01:09]}  Bd3 {[%clk 0:24:35]} 21. Rfe1 {[%clk 1:00:41]}  Rfe8 {[%clk 0:21:41]} 22. Nd4 {[%clk 0:58:05]}  Re4 {[%clk 0:19:14]} 23. Bf2 {[%clk 0:56:36]}  Rde8 {[%clk 0:19:03]} 24. Rxe4 {[%clk 0:56:48]}  Rxe4 {[%clk 0:18:48]} 25. Re1 {[%clk 0:56:45]}  Rxe1+ {[%clk 0:16:58]} 26. Bxe1 {[%clk 0:57:06]}  Bh6 {[%clk 0:16:39]} 27. Kf2 {[%clk 0:56:41]}  Kg7 {[%clk 0:15:51]} 28. Nf3 {[%clk 0:55:45]}  Kf6 {[%clk 0:14:11]} 29. Bd2 {[%clk 0:56:01]}  Bxd2 {[%clk 0:14:06]} 30. Nxd2 {[%clk 0:56:25]}  Kf5 {[%clk 0:09:36]} 31. Ke3 {[%clk 0:56:34]}  Bc2 {[%clk 0:07:37]} 32. Nc4 {[%clk 0:56:13]}  Ke6 {[%clk 0:04:29]} 33. Na5 {[%clk 0:55:20]}  Ke5 {[%clk 0:03:07]} 34. g3 {[%clk 0:51:11]}  Be4 {[%clk 0:02:10]} 35. Nc4+ {[%clk 0:50:36]}  Kd5 {[%clk 0:02:37]} 36. Nd2 {[%clk 0:49:42]}  Bc2 {[%clk 0:02:35]} 37. a3 {[%clk 0:47:15]}  b5 {[%clk 0:02:33]} 38. Nf3 {[%clk 0:44:20]}  a6 {[%clk 0:00:54]} 39. Ng5 {[%clk 0:45:31]}  Kc4 {[%clk 0:01:11]} 40. Kd2 {[%clk 0:45:54]}  Kb3 {[%clk 0:00:39]} 41. Kc1 {[%clk 0:37:18]}  f5 {[%clk 0:20:42]} 42. Nxh7 {[%clk 1:16:03]}  Bd3 {[%clk 0:18:07]} 43. h4 {[%clk 1:14:01]}  Be2 {[%clk 0:17:46]} 44. Nf8 {[%clk 1:13:53]}  Bh5 {[%clk 0:16:53]} 45. Ne6 {[%clk 1:13:33]}  a5 {[%clk 0:07:03]} 46. Nd4+ {[%clk 1:04:22]}  Kc4 {[%clk 0:06:24]} 47. Kd2 {[%clk 1:03:38]}  a4 {[%clk 0:06:02]} 48. Ke3 {[%clk 1:00:02]}  Bd1 {[%clk 0:04:32]} 49. Kf4 {[%clk 0:59:02]}  Kc5 {[%clk 0:04:22]} 50. Kg5 {[%clk 0:58:55]}  Bh5 {[%clk 0:02:15]} 51. Nxf5 {[%clk 0:55:21]} 1-0

[Event "Masters Tournament (MTO)"]
[Site "Biel, CH"]
[Date "2025.07.19"]
[Round "6"]
[White "Pisan, Kai"]
[Black "Schultze, Joerg-Martin, Dr."]
[Result "1/2-1/2"]
[Board "51"]
[WhiteFideId "39904881"]
[BlackFideId "12972070"]
[WhiteElo "1995"]
[BlackElo "1865"]
[WhiteTeam "USA"]
[BlackTeam "GER"]
[WhiteClock "0:03:31"]
[BlackClock "0:02:33"]
[Variant "Standard"]

1. b3 {[%clk 1:40:56]}  e5 {[%clk 1:40:42]} 2. Bb2 {[%clk 1:41:19]}  Nc6 {[%clk 1:40:56]} 3. c4 {[%clk 1:41:43]}  g6 {[%clk 1:38:42]} 4. e3 {[%clk 1:40:27]}  Bg7 {[%clk 1:38:31]} 5. Nf3 {[%clk 1:40:21]}  d6 {[%clk 1:35:39]} 6. d4 {[%clk 1:37:05]}  Qe7 {[%clk 1:29:04]} 7. d5 {[%clk 1:30:05]}  Nd8 {[%clk 1:27:53]} 8. Nbd2 {[%clk 1:27:31]}  f5 {[%clk 1:27:02]} 9. Be2 {[%clk 1:25:12]}  Nf6 {[%clk 1:26:13]} 10. Qc2 {[%clk 1:22:24]}  Nf7 {[%clk 1:24:00]} 11. O-O-O {[%clk 1:19:04]}  c5 {[%clk 1:20:36]} 12. e4 {[%clk 1:13:15]}  fxe4 {[%clk 1:16:49]} 13. Nxe4 {[%clk 1:11:39]}  Nxe4 {[%clk 1:13:59]} 14. Qxe4 {[%clk 1:11:37]}  Bf5 {[%clk 1:09:45]} 15. Qh4 {[%clk 1:11:49]}  Bh6+ {[%clk 1:03:41]} 16. Rd2 {[%clk 1:12:11]}  Qxh4 {[%clk 1:01:11]} 17. Nxh4 {[%clk 1:12:32]}  Bd7 {[%clk 0:59:26]} 18. Kd1 {[%clk 1:08:07]}  Bxd2 {[%clk 0:59:30]} 19. Kxd2 {[%clk 1:08:33]}  O-O-O {[%clk 0:55:28]} 20. g3 {[%clk 1:05:11]}  Rhf8 {[%clk 0:53:40]} 21. f3 {[%clk 1:03:56]}  Rde8 {[%clk 0:48:26]} 22. Rf1 {[%clk 1:01:47]}  Nh6 {[%clk 0:37:16]} 23. f4 {[%clk 1:01:24]}  Bh3 {[%clk 0:30:57]} 24. Re1 {[%clk 0:57:44]}  Ng4 {[%clk 0:25:30]} 25. Nf3 {[%clk 0:55:06]}  exf4 {[%clk 0:22:46]} 26. gxf4 {[%clk 0:46:55]}  Kc7 {[%clk 0:20:55]} 27. Ng5 {[%clk 0:37:55]}  Nf2 {[%clk 0:21:01]} 28. Bf1 {[%clk 0:36:05]}  Bd7 {[%clk 0:11:04]} 29. Bc1 {[%clk 0:22:37]}  h6 {[%clk 0:09:03]} 30. Ne6+ {[%clk 0:20:22]}  Bxe6 {[%clk 0:09:23]} 31. dxe6 {[%clk 0:20:08]}  Rf6 {[%clk 0:09:32]} 32. Re2 {[%clk 0:19:52]}  Rxf4 {[%clk 0:06:59]} 33. Bg2 {[%clk 0:19:34]}  Ng4 {[%clk 0:06:04]} 34. h3 {[%clk 0:17:56]}  Ne5 {[%clk 0:05:40]} 35. Bd5 {[%clk 0:18:05]}  Rf6 {[%clk 0:04:22]} 36. Bb2 {[%clk 0:18:20]}  Rfxe6 {[%clk 0:03:46]} 37. Bxe6 {[%clk 0:17:37]}  Rxe6 {[%clk 0:04:14]} 38. Bxe5 {[%clk 0:17:25]}  dxe5 {[%clk 0:03:24]} 39. Ke3 {[%clk 0:17:30]}  e4 {[%clk 0:03:21]} 40. Rd2 {[%clk 0:15:45]}  Rd6 {[%clk 0:02:29]} 41. Rf2 {[%clk 0:16:05]}  Re6 {[%clk 0:01:53]} 42. Rd2 {[%clk 0:16:13]}  a6 {[%clk 0:29:46]} 43. Rd5 {[%clk 0:43:45]}  b6 {[%clk 0:29:58]} 44. Rd2 {[%clk 0:43:07]}  Re5 {[%clk 0:26:24]} 45. Rf2 {[%clk 0:39:19]}  Kd6 {[%clk 0:24:06]} 46. Rf7 {[%clk 0:38:13]}  Re6 {[%clk 0:23:17]} 47. a3 {[%clk 0:36:07]}  Ke5 {[%clk 0:22:04]} 48. b4 {[%clk 0:36:03]}  Rd6 {[%clk 0:13:24]} 49. Re7+ {[%clk 0:33:57]}  Kf6 {[%clk 0:13:11]} 50. Ra7 {[%clk 0:33:27]}  Rd3+ {[%clk 0:09:45]} 51. Kxe4 {[%clk 0:33:45]}  Rxa3 {[%clk 0:10:06]} 52. b5 {[%clk 0:28:03]}  Rxh3 {[%clk 0:07:05]} 53. Rxa6 {[%clk 0:25:12]}  Rh4+ {[%clk 0:07:19]} 54. Kd5 {[%clk 0:24:42]}  Rd4+ {[%clk 0:07:37]} 55. Kc6 {[%clk 0:24:54]}  Rxc4 {[%clk 0:07:45]} 56. Kxb6 {[%clk 0:22:27]}  Rc1 {[%clk 0:07:47]} 57. Kc6 {[%clk 0:21:28]}  c4 {[%clk 0:05:45]} 58. b6 {[%clk 0:19:01]}  c3 {[%clk 0:04:41]} 59. b7 {[%clk 0:17:30]}  Rb1 {[%clk 0:04:54]} 60. Kc7+ {[%clk 0:17:13]}  Kf5 {[%clk 0:05:04]} 61. Rc6 {[%clk 0:16:21]}  g5 {[%clk 0:04:45]} 62. Rxc3 {[%clk 0:05:33]}  h5 {[%clk 0:04:57]} 63. Kc6 {[%clk 0:04:28]}  Rxb7 {[%clk 0:04:11]} 64. Kxb7 {[%clk 0:04:46]}  h4 {[%clk 0:03:31]} 65. Kc6 {[%clk 0:03:54]}  Kg4 {[%clk 0:03:04]} 66. Kd5 {[%clk 0:03:38]}  h3 {[%clk 0:03:18]} 67. Ke4 {[%clk 0:02:47]}  h2 {[%clk 0:03:14]} 68. Rc1 {[%clk 0:03:08]}  Kg3 {[%clk 0:02:28]} 69. Kf5 {[%clk 0:02:57]}  Kg2 {[%clk 0:02:13]} 70. Kxg5 {[%clk 0:03:11]}  h1=Q {[%clk 0:02:36]} 71. Rxh1 {[%clk 0:03:31]}  Kxh1 {[%clk 0:02:33]} 1/2-1/2

[Event "Masters Tournament (MTO)"]
[Site "Biel, CH"]
[Date "2025.07.19"]
[Round "6"]
[White "Schaffner, David"]
[Black "Yu, Tianxiang Carlos"]
[Result "1/2-1/2"]
[Board "52"]
[WhiteFideId "1310607"]
[BlackFideId "39922723"]
[WhiteElo "1980"]
[BlackElo "1938"]
[WhiteTeam "SUI"]
[BlackTeam "USA"]
[WhiteClock "0:02:48"]
[BlackClock "0:32:01"]
[Variant "Standard"]

1. e4 {[%clk 1:40:54]}  c5 {[%clk 1:37:07]} 2. Nf3 {[%clk 1:41:02]}  d6 {[%clk 1:37:33]} 3. d4 {[%clk 1:41:00]}  cxd4 {[%clk 1:37:59]} 4. Nxd4 {[%clk 1:41:11]}  Nf6 {[%clk 1:38:24]} 5. Nc3 {[%clk 1:41:01]}  a6 {[%clk 1:38:50]} 6. Bg5 {[%clk 1:40:48]}  e6 {[%clk 1:39:14]} 7. f4 {[%clk 1:40:32]}  Qb6 {[%clk 1:39:37]} 8. Qd2 {[%clk 1:29:04]}  Qxb2 {[%clk 1:40:03]} 9. Rb1 {[%clk 1:29:25]}  Qa3 {[%clk 1:40:32]} 10. Bxf6 {[%clk 1:14:45]}  gxf6 {[%clk 1:41:00]} 11. Be2 {[%clk 1:08:19]}  Be7 {[%clk 1:33:29]} 12. O-O {[%clk 0:56:44]}  Nc6 {[%clk 1:17:55]} 13. Nxc6 {[%clk 0:39:44]}  bxc6 {[%clk 1:18:24]} 14. Rb3 {[%clk 0:36:37]}  Qa5 {[%clk 1:18:13]} 15. f5 {[%clk 0:34:14]}  h5 {[%clk 1:02:29]} 16. Kh1 {[%clk 0:29:05]}  Kf8 {[%clk 0:33:57]} 17. Qf4 {[%clk 0:24:26]}  Qe5 {[%clk 0:32:49]} 18. Qxe5 {[%clk 0:24:28]}  fxe5 {[%clk 0:25:47]} 19. Na4 {[%clk 0:22:13]}  Kg7 {[%clk 0:16:07]} 20. Rg3+ {[%clk 0:18:26]}  Kf8 {[%clk 0:08:03]} 21. Nb6 {[%clk 0:17:25]}  Rb8 {[%clk 0:08:17]} 22. Nxc8 {[%clk 0:17:34]}  Rxc8 {[%clk 0:08:43]} 23. fxe6 {[%clk 0:17:52]}  f6 {[%clk 0:09:05]} 24. Bxa6 {[%clk 0:14:02]}  Ra8 {[%clk 0:09:28]} 25. Bc4 {[%clk 0:13:58]}  Rg8 {[%clk 0:09:33]} 26. Rxg8+ {[%clk 0:13:34]}  Kxg8 {[%clk 0:10:02]} 27. Bb3 {[%clk 0:13:37]}  Kg7 {[%clk 0:09:59]} 28. g3 {[%clk 0:13:26]}  Ra5 {[%clk 0:10:18]} 29. c4 {[%clk 0:10:04]}  Ra8 {[%clk 0:09:56]} 30. Kg2 {[%clk 0:10:19]}  Bd8 {[%clk 0:09:29]} 31. Rd1 {[%clk 0:09:25]}  Be7 {[%clk 0:09:56]} 32. Rd2 {[%clk 0:07:18]}  Kg6 {[%clk 0:09:35]} 33. Rf2 {[%clk 0:05:49]}  Rh8 {[%clk 0:09:21]} 34. h4 {[%clk 0:04:30]}  Bd8 {[%clk 0:09:01]} 35. Rf5 {[%clk 0:03:48]}  Bb6 {[%clk 0:07:59]} 36. Kf1 {[%clk 0:03:29]}  Bc5 {[%clk 0:07:23]} 37. Ke1 {[%clk 0:02:51]}  Re8 {[%clk 0:06:56]} 38. Ba4 {[%clk 0:01:25]}  Rxe6 {[%clk 0:07:24]} 39. Bxc6 {[%clk 0:01:46]}  Re7 {[%clk 0:07:29]} 40. a4 {[%clk 0:01:25]}  Bb4+ {[%clk 0:06:09]} 41. Ke2 {[%clk 0:24:12]}  Bc3 {[%clk 0:36:19]} 42. Rf3 {[%clk 0:19:35]}  Ba5 {[%clk 0:35:21]} 43. Bb5 {[%clk 0:12:30]}  Bb4 {[%clk 0:35:02]} 44. Kf1 {[%clk 0:10:40]}  Bd2 {[%clk 0:32:49]} 45. Kg2 {[%clk 0:08:55]}  Be1 {[%clk 0:31:48]} 46. Kh3 {[%clk 0:08:53]}  Ba5 {[%clk 0:32:01]} 47. g4 {[%clk 0:02:51]}  hxg4+ {[%clk 0:32:01]} 48. Kxg4 {[%clk 0:02:48]}  Rg7 {[%clk 0:32:01]} 1/2-1/2

[Event "Masters Tournament (MTO)"]
[Site "Biel, CH"]
[Date "2025.07.19"]
[Round "6"]
[White "Cordes, Jule"]
[Black "Trubini, Timon"]
[Result "1/2-1/2"]
[Board "53"]
[WhiteFideId "1060708"]
[BlackFideId "1347799"]
[WhiteElo "1946"]
[BlackElo "1922"]
[WhiteTeam "NED"]
[BlackTeam "SUI"]
[WhiteClock "0:08:48"]
[BlackClock "0:41:14"]
[Variant "Standard"]

1. d4 {[%clk 1:40:59]}  Nf6 {[%clk 1:40:56]} 2. c4 {[%clk 1:41:19]}  g6 {[%clk 1:41:24]} 3. f3 {[%clk 1:41:42]}  e6 {[%clk 1:41:50]} 4. e4 {[%clk 1:41:54]}  c5 {[%clk 1:42:16]} 5. d5 {[%clk 1:41:30]}  d6 {[%clk 1:42:41]} 6. Nc3 {[%clk 1:41:50]}  Bg7 {[%clk 1:43:03]} 7. Nge2 {[%clk 1:41:56]}  Nbd7 {[%clk 1:43:20]} 8. Ng3 {[%clk 1:42:09]}  h5 {[%clk 1:43:44]} 9. Be2 {[%clk 1:41:34]}  Nh7 {[%clk 1:44:07]} 10. Be3 {[%clk 1:37:21]}  h4 {[%clk 1:44:29]} 11. Nf1 {[%clk 1:37:43]}  e5 {[%clk 1:19:45]} 12. Qd2 {[%clk 1:36:37]}  f5 {[%clk 1:18:23]} 13. a3 {[%clk 1:36:09]}  f4 {[%clk 1:07:39]} 14. Bf2 {[%clk 1:35:37]}  g5 {[%clk 1:01:01]} 15. b4 {[%clk 1:29:38]}  b6 {[%clk 1:00:35]} 16. Qb2 {[%clk 1:22:52]}  Rb8 {[%clk 0:59:06]} 17. Nd2 {[%clk 1:22:18]}  a6 {[%clk 0:56:45]} 18. h3 {[%clk 1:11:54]}  O-O {[%clk 0:49:39]} 19. Kd1 {[%clk 1:09:13]}  a5 {[%clk 0:40:46]} 20. Kc2 {[%clk 1:02:42]}  Ba6 {[%clk 0:37:31]} 21. Rhb1 {[%clk 1:01:19]}  Bf6 {[%clk 0:29:41]} 22. bxa5 {[%clk 0:50:22]}  bxa5 {[%clk 0:29:52]} 23. Nb5 {[%clk 0:38:09]}  Bxb5 {[%clk 0:29:07]} 24. cxb5 {[%clk 0:38:32]}  Nb6 {[%clk 0:29:04]} 25. Bc4 {[%clk 0:37:05]}  Qc7 {[%clk 0:24:38]} 26. a4 {[%clk 0:35:00]}  Ra8 {[%clk 0:23:37]} 27. Qc3 {[%clk 0:32:16]}  Ra7 {[%clk 0:23:01]} 28. Be1 {[%clk 0:31:52]}  Rfa8 {[%clk 0:22:57]} 29. Nb3 {[%clk 0:24:55]}  Bd8 {[%clk 0:22:07]} 30. Qd3 {[%clk 0:22:54]}  Nf8 {[%clk 0:20:09]} 31. Bc3 {[%clk 0:18:36]}  Nfd7 {[%clk 0:19:43]} 32. Nd2 {[%clk 0:17:01]}  Kf7 {[%clk 0:19:11]} 33. Ra3 {[%clk 0:10:10]}  Qb8 {[%clk 0:17:06]} 34. Qe2 {[%clk 0:07:48]}  Bc7 {[%clk 0:16:58]} 35. Ba2 {[%clk 0:07:38]}  Qd8 {[%clk 0:16:58]} 36. Qf1 {[%clk 0:03:57]}  Kg7 {[%clk 0:16:13]} 37. Qe2 {[%clk 0:03:56]}  Kf6 {[%clk 0:15:55]} 38. Kd1 {[%clk 0:03:20]}  Kg7 {[%clk 0:15:52]} 39. Kc1 {[%clk 0:03:31]}  Kh7 {[%clk 0:15:38]} 40. Kc2 {[%clk 0:03:27]}  Kg7 {[%clk 0:15:12]} 41. Qe1 {[%clk 0:26:20]}  Kg6 {[%clk 0:45:06]} 42. Nc4 {[%clk 0:15:38]}  Nxc4 {[%clk 0:43:40]} 43. Bxc4 {[%clk 0:15:35]}  Bb6 {[%clk 0:41:53]} 44. Qd2 {[%clk 0:15:03]}  Nf6 {[%clk 0:41:37]} 45. Raa1 {[%clk 0:14:41]}  Nh5 {[%clk 0:41:47]} 46. Qc1 {[%clk 0:12:48]}  Qf6 {[%clk 0:41:30]} 47. Qb2 {[%clk 0:10:44]}  Ng3 {[%clk 0:41:14]} 48. Qc1 {[%clk 0:08:48]} 1/2-1/2

[Event "Masters Tournament (MTO)"]
[Site "Biel, CH"]
[Date "2025.07.19"]
[Round "6"]
[White "Gut, Lionel"]
[Black "Marcenaro, Alessandro"]
[Result "1/2-1/2"]
[Board "54"]
[WhiteFideId "1339966"]
[BlackFideId "28554094"]
[WhiteElo "2239"]
[BlackElo "2160"]
[WhiteTeam "SUI"]
[BlackTeam "ITA"]
[WhiteClock "0:15:22"]
[BlackClock "0:15:05"]
[Variant "Standard"]

1. d4 {[%clk 1:40:50]}  e6 {[%clk 1:40:40]} 2. c4 {[%clk 1:41:10]}  b6 {[%clk 1:40:53]} 3. a3 {[%clk 1:41:26]}  Bb7 {[%clk 1:41:03]} 4. d5 {[%clk 1:41:35]}  Nf6 {[%clk 1:41:11]} 5. Nc3 {[%clk 1:41:59]}  Bd6 {[%clk 1:41:28]} 6. g3 {[%clk 1:39:27]}  O-O {[%clk 1:40:28]} 7. Bg2 {[%clk 1:34:35]}  exd5 {[%clk 1:30:11]} 8. cxd5 {[%clk 1:27:16]}  c6 {[%clk 1:28:59]} 9. Nh3 {[%clk 1:17:25]}  Re8 {[%clk 1:15:29]} 10. O-O {[%clk 1:16:37]}  h6 {[%clk 1:11:26]} 11. e4 {[%clk 1:05:51]}  cxd5 {[%clk 0:57:20]} 12. exd5 {[%clk 1:03:41]}  Na6 {[%clk 0:54:33]} 13. Nb5 {[%clk 1:00:22]}  Bf8 {[%clk 0:37:47]} 14. b4 {[%clk 0:44:31]}  Nc7 {[%clk 0:32:28]} 15. Nc3 {[%clk 0:41:35]}  d6 {[%clk 0:28:29]} 16. Bb2 {[%clk 0:37:49]}  Qd7 {[%clk 0:28:29]} 17. Nf4 {[%clk 0:35:45]}  g5 {[%clk 0:24:45]} 18. Nh5 {[%clk 0:33:43]}  Nxh5 {[%clk 0:23:37]} 19. Qxh5 {[%clk 0:34:10]}  Bg7 {[%clk 0:23:07]} 20. Rfd1 {[%clk 0:26:13]}  Qf5 {[%clk 0:22:30]} 21. Rd2 {[%clk 0:26:03]}  Re7 {[%clk 0:21:13]} 22. Qf3 {[%clk 0:17:36]}  Qxf3 {[%clk 0:17:15]} 23. Bxf3 {[%clk 0:18:04]}  Rae8 {[%clk 0:15:05]} 24. h3 {[%clk 0:15:22]} 1/2-1/2